000 00348nam a2200121Ia 4500
008 210430s9999 xx 000 0 und d
082 _a320 K421 I
100 _aMark Kesselman
_929459
245 _aIntroduction to Comparative Politics
_cMark Kesselman
260 _aIslamabad
_bNational Book Foundation
_c2006
300 _a682p.
942 _cBK
_2ddc
999 _c563273
_d563273